Detalles MARC
| 000 -CABECERA |
| campo de control de longitud fija |
02630nam a2200349 i 4500 |
| 003 - IDENTIFICADOR DEL NÚMERO DE CONTROL |
| campo de control |
DO-SdBNP |
| 005 - FECHA Y HORA DE LA ÚLTIMA TRANSACCIÓN |
| campo de control |
20260516175342.0 |
| 007 - CAMPO FIJO DE DESCRIPCIÓN FÍSICA--INFORMACIÓN GENERAL |
| campo de control de longitud fija |
ta |
| 008 - DATOS DE LONGITUD FIJA--INFORMACIÓN GENERAL |
| campo de control de longitud fija |
250721b2019 dr a || |||| 001 0 spa d |
| 020 ## - NÚMERO INTERNACIONAL ESTÁNDAR DEL LIBRO |
| Número Internacional Estándar del Libro |
9789945434118 |
| 040 ## - FUENTE DE LA CATALOGACIÓN |
| Centro catalogador/agencia de origen |
DO-SdBNP |
| Lengua de catalogación |
spa |
| Centro/agencia transcriptor |
BNPHU |
| Normas de descripción |
rda |
| 041 ## - CÓDIGO DE LENGUA |
| Código de lengua del texto/banda sonora o título independiente |
spa |
| 082 ## - NÚMERO DE LA CLASIFICACIÓN DECIMAL DEWEY |
| Número de clasificación |
614.1797293 |
| Número de documento/Ítem |
M827 |
| Número de edición |
23 |
| 100 1# - ENTRADA PRINCIPAL--NOMBRE DE PERSONA |
| Nombre de persona |
Mora García, Wilfredo |
| Fechas asociadas al nombre |
1965- |
| Término indicativo de función/relación |
autor |
| Código de función/relación |
aut. |
| 9 (RLIN) |
34652 |
| 245 13 - MENCIÓN DE TÍTULO |
| Título |
El arte del antropólogo forense / |
| Mención de responsabilidad, etc. |
Wilfredo Mora García |
| 250 ## - MENCIÓN DE EDICIÓN |
| Mención de edición |
1era. edición |
| 264 ## - PRODUCCIÓN, PUBLICACIÓN, DISTRIBUCIÓN, FABRICACIÓN Y COPYRIGHT |
| Producción, publicación, distribución, fabricación y copyright |
Santo Domingo, República Dominicana : |
| Nombre del de productor, editor, distribuidor, fabricante |
Editora 12 de Octubre : Sociedad Dominicana de Criminología, |
| Fecha de producción, publicación, distribución, fabricación o copyright |
2019 |
| 300 ## - DESCRIPCIÓN FÍSICA |
| Extensión |
116 páginas : |
| Otras características físicas |
ilustraciones ; |
| Dimensiones |
19 cm |
| 336 ## - TIPO DE CONTENIDO |
| Término de tipo de contenido |
texto |
| Código de tipo de contenido |
txt |
| Fuente |
rdacontent |
| 337 ## - TIPO DE MEDIO |
| Nombre/término del tipo de medio |
sin mediación |
| Código del tipo de medio |
n |
| Fuente |
rdamedia |
| 338 ## - TIPO DE SOPORTE |
| Nombre/término del tipo de soporte |
volumen |
| Código del tipo de soporte |
nc |
| Fuente |
rdacarrier |
| 490 ## - MENCIÓN DE SERIE |
| Mención de serie |
Pensamiento criminológico dominicano ; |
| Designación de volumen o secuencia |
4 |
| 490 ## - MENCIÓN DE SERIE |
| Mención de serie |
Informes de Criminología y Ciencias Forenses |
| 500 ## - NOTA GENERAL |
| Nota general |
Incluye datos biografícos del autor en la contraportada. |
| 500 ## - NOTA GENERAL |
| Nota general |
Incluye índice analítico. |
| 504 ## - NOTA DE BIBLIOGRAFÍA, ETC. |
| Nota de bibliografía, etc. |
Bibliografía p: 105-107. |
| 520 ## - SUMARIO, ETC. |
| Sumario, etc. |
El arte del antropólogo forense, fue escrito para exponer los diferentes problemas que definen el trabajo del antropólogo forense. Para que esto pueda entenderse fue necesario realizar un recorrido por la Antropología física y biológica, y sus conceptos centrales. Una característica de esta obra es que se concibió doblemente. Primero como estudio prolegómeno del tema forense; y, en segundo lugar, sería parte del material de tema de la tesis de grado para cerrar los estudios universitarios del autor. Luego, los demás asuntos que complementan este libro tienen que ver con los acontecimientos que se han producido en el país, que demandan la intervención de los antropólogos forenses de manera perentoria. El arte del antropólogo forense se definirá, pues, por sus perfiles de científico forense, en los casos donde interviene: debe ser neutral, objetivo, independiente, científico y apolítico. Wilfredo Mora García nos muestra una antropología forense larvaria, donde trata temas diversos como la identificación de restos óseos, los traumatismos y las enfermedades de los huesos, los cuales se explican a través de métodos clásicos como los registros arqueológicos, tafonomía y paleopatología, entre otros. Ahora que la Antropología forense tiene una oportunidad es necesario la creación de una Unidad Básica de Gestión de Antropología Forense en el INACIF. |
| 590 ## - NOTA LOCAL (RLIN) |
| Nota local |
Inventariado, 2025/ YL |
| 650 ## - PUNTO DE ACCESO ADICIONAL DE MATERIA--TÉRMINO DE MATERIA |
| Término de materia o nombre geográfico como elemento de entrada |
Antropologia forense |
| Subdivisión geográfica |
República Dominicana |
| 9 (RLIN) |
88399 |
| 910 ## - DATOS DE OPCIÓN DEL USUARIO (OCLC) |
| Datos de opción del usuario |
YLockward |
| 942 ## - ELEMENTOS DE PUNTO DE ACCESO ADICIONAL (KOHA) |
| Fuente del sistema de clasificación o colocación |
Dewey Decimal Classification |
| Tipo de ítem Koha |
Libro |